000 00585nam a2200193 i 4500
001 55104
003 ES-MaACL
005 20230906163101.0
007 t|
008 030912s1961 sp ||||1| spa d
100 1 _aDelgado Varela, José María.
_943492
245 1 3 _aLa gracia divina en el correlativismo /
_cJosé M. Delgado Varela.
260 _a[Madrid :
_bEstudios,
_c1961]
300 _a167 p. ;
_c25 cm.
490 1 _aPublicaciones Monasterio de Poyo
830 0 _aPublicaciones Monasterio de Poyo
_9184057
852 _aES-MaACL
_jF-6295
_bR.47996
999 _c55104
_d55104